| 000 | 00684nam a22002177a 4500 | ||
|---|---|---|---|
| 003 | DO-SdBNP | ||
| 005 | 20210906143145.0 | ||
| 007 | ta | ||
| 008 | 210906b 2018 dr a 00| 0 eng d | ||
| 020 | _a9789945915815 | ||
| 040 |
_aDO-SdBNP _bspa _cBNPHU |
||
| 100 | 1 |
_aCalzascia, Sandra, _d1969- _979758 |
|
| 245 | 1 |
_aInfancia robada / _cSandra Calzascia ; Josefina Abreu de Batista |
|
| 260 |
_aSanto Domingo : _bPublicaciones Libertad, _c2018. |
||
| 300 |
_a251 p. ; _c21 cm. |
||
| 500 | _aIncluye datos biográficos del autor en la contracubierta | ||
| 590 | _aInventariado, 2021/BT | ||
| 700 | 1 |
_aAbreu Batista, Josefina de, _epról. _979759 |
|
| 910 | _aBtavárez | ||
| 942 |
_2ddc _cLBS1 |
||
| 999 |
_c50424 _d50424 |
||